| 000 | 00419nam a2200145Ia 4500 | ||
|---|---|---|---|
| 008 | 230917s9999||||xx |||||||||||||| ||und|| | ||
| 040 |
_e40992 _aMAIN |
||
| 041 | _aEnglish | ||
| 082 | _a813.09 M896G | ||
| 100 | _aMukherjee, Arun | ||
| 245 | 4 | _aThe gospel of wealth in the American novel: the rhetoric of dreiser and some of his contemporaries | |
| 260 |
_aLondon _bCroom Helm _c1987 |
||
| 300 | _a229 p. | ||
| 942 | _cBK | ||
| 999 |
_c60272 _d60272 |
||